La plaza tiene una torre /
Guardado en:
| Autor Principal: | |
|---|---|
| Otros Autores: | |
| Formato: | Libro |
| Publicado: |
Buenos Aires :
Colihue,
2013
|
| Series: | Los morochitos / Laura Devetach y Gustavo Roldán
|
| Materias: | |
| Etiquetas: |
Agregar Etiqueta
Sin Etiquetas, Sea el primero en etiquetar este registro!
|
| LEADER | 00798nam a22002535a 4500 | ||
|---|---|---|---|
| 001 | CEM.cems015566 | ||
| 005 | 20191213164827.0 | ||
| 008 | 130507s2013##################000#0#####d | ||
| 003 | CEMS | ||
| 020 | |a 9789876848893 | ||
| 082 | 0 | 4 | |a 861.4 |
| 100 | 1 | |a Machado, Antonio | |
| 245 | 1 | 0 | |a La plaza tiene una torre / |c Antonio Machado ; ilustrado Por Eleonora Arroyo |
| 260 | |a Buenos Aires : |b Colihue, |c 2013 | ||
| 300 | |a 12 p. | ||
| 490 | 0 | |a Los morochitos / Laura Devetach y Gustavo Roldán | |
| 653 | |a Literatura | ||
| 653 | |a Literatura española | ||
| 653 | |a Literatura infantil | ||
| 653 | |a Poesía | ||
| 653 | |a Poesía infantil | ||
| 653 | |a Colección ciencias de la educación | ||
| 700 | 1 | |a Arroyo, Eleonora; il. | |
| 859 | |a CEMS |b BIB. CEMS - Ccias. Educacion |h 861.4 |i M180-7 |k CE |p 29017.19 |t Ej.1 | ||
